[Event "Mittelfranken-chT2b 1617"]
[Site "Mittelfranken"]
[Date "2016.10.23"]
[Round "1.6"]
[White "Puehn, Georg"]
[Black "Schwab, Edgar"]
[Result "1-0"]
[WhiteElo "1870"]
[BlackElo "1829"]
[PlyCount "141"]
[EventDate "2016.10.23"]
[EventType "team-tourn"]
[EventRounds "9"]
[EventCountry "GER"]
[SourceTitle "EXT 2022"]
[Source "ChessBase"]
[SourceDate "2021.10.06"]
[SourceVersion "1"]
[SourceVersionDate "2021.10.06"]
[SourceQuality "1"]
[WhiteTeam "Nuernberg Sued SW III"]
[BlackTeam "Forchheim SC III"]
[WhiteTeamCountry "GER"]
[BlackTeamCountry "GER"]

1. e4 e5 2. Nf3 Nc6 3. Bb5 a6 4. Ba4 b5 5. Bb3 Be7 6. 0-0 Nf6 7. Re1 d6 8. c3 Na5 9. Bc2 0-0 10. d3 Bg4 11. Nbd2 h6 12. Nf1 c5 13. Ng3 Ra7 14. h3 Be6 15. d4 Qc7 16. d5 Bc8 17. Nh4 Nxd5 18. Nhf5 Nf6 19. Qf3 Kh7 20. Be3 Nc4 21. Bc1 Ng8 22. b3 Nb6 23. Rd1 g6 24. Ne3 Be6 25. Qe2 Qc8 26. c4 b4 27. a3 bxa3 28. Rxa3 Rd8 29. Bd2 Nf6 30. Rda1 Qb7 31. Nd5 Rda8 32. Nf1 Nfxd5 33. cxd5 Bc8 34. Bd3 Nd7 35. Ne3 Nb8 36. Nc4 Nd7 37. Na5 Qb6 38. Nc6 Bf8 39. Nxa7 Rxa7 40. Bxa6 Bxa6 41. Rxa6 Rxa6 42. Rxa6 Qxb3 43. Ra7 Nb6 44. Rxf7+ Bg7 45. Qe3 Qd1+ 46. Qe1 Qa4 47. Qb1 Qa6 48. Qc1 Kg8 49. Rc7 g5 50. Rc6 Qb5 51. h4 Nc4 52. Be3 Nxe3 53. Qxe3 Qb1+ 54. Kh2 Qd1 55. hxg5 Qh5+ 56. Qh3 Qxg5 57. Rc8+ Kh7 58. Qf5+ Qxf5 59. exf5 h5 60. Rd8 e4 61. Re8 c4 62. Rxe4 c3 63. f4 Kg8 64. Kh3 Bf6 65. g4 hxg4+ 66. Kxg4 Kf7 67. Rc4 Ke7 68. Kh5 Kf7 69. Rc7+ Ke8 70. Kg6 Bd4 71. Rc4 1-0

[Event "Forchheim op-B 14th"]
[Site "Forchheim"]
[Date "2015.10.03"]
[Round "2"]
[White "Mooser, Nicolas"]
[Black "Schwab, Edgar"]
[Result "1-0"]
[WhiteElo "1674"]
[BlackElo "1930"]
[PlyCount "75"]
[EventDate "2015.10.02"]
[EventType "swiss"]
[EventRounds "5"]
[EventCountry "GER"]
[SourceTitle "EXT 2019"]
[Source "ChessBase"]
[SourceDate "2018.10.10"]
[SourceVersion "1"]
[SourceVersionDate "2018.10.10"]
[SourceQuality "1"]

1. d4 d5 2. Nf3 Nf6 3. g3 g6 4. Bg2 Bg7 5. 0-0 0-0 6. c4 c6 7. cxd5 cxd5 8. Nc3 Nc6 9. Ne5 e6 10. Nxc6 bxc6 11. Qc2 Nd7 12. e3 Ba6 13. Rd1 Rc8 14. Na4 Qe7 15. Nc5 Nxc5 16. dxc5 Bc4 17. Bd2 Rb8 18. Bc3 Bxc3 19. Qxc3 e5 20. e4 Be2 21. Rd2 d4 22. Qc2 Bg4 23. f3 Be6 24. b3 Rb4 25. Rad1 a5 26. f4 f6 27. f5 Bf7 28. Qd3 g5 29. Rc1 Rc8 30. Rb2 Rbb8 31. Qa6 Qc7 32. Qd3 a4 33. Rbb1 Rb5 34. Bf1 Qb8 35. Qc2 axb3 36. axb3 Bxb3 37. Bxb5 d3 38. Bxd3 1-0

[Event "Mittelfranken-chTB2a 0910"]
[Site "Mittelfranken"]
[Date "2010.02.21"]
[Round "7.5"]
[White "Schwab, Edgar"]
[Black "Wellmann, Franz Georg"]
[Result "0-1"]
[WhiteElo "1812"]
[BlackElo "1869"]
[PlyCount "104"]
[EventDate "2009.10.11"]
[EventType "team-tourn"]
[EventRounds "9"]
[EventCountry "GER"]
[SourceTitle "EXT 2011"]
[Source "ChessBase"]
[SourceDate "2010.11.26"]
[SourceVersion "1"]
[SourceVersionDate "2010.11.26"]
[SourceQuality "1"]
[WhiteTeam "Forchheim III"]
[BlackTeam "Herzogenaurach"]
[WhiteTeamCountry "GER"]
[BlackTeamCountry "GER"]

1. d4 d6 2. c4 g6 3. Nc3 Bg7 4. g3 Nd7 5. Bg2 c6 6. e4 Ngf6 7. Nge2 0-0 8. 0-0 c5 9. d5 a6 10. f4 Ne8 11. Be3 Rb8 12. Qd3 Qa5 13. a4 Nb6 14. b3 Bg4 15. Rae1 Nd7 16. h3 Bxe2 17. Nxe2 b5 18. Bd2 Qb6 19. axb5 axb5 20. Bc3 bxc4 21. bxc4 Qc7 22. Bxg7 Nxg7 23. Nc3 Rb4 24. Nb5 Qa5 25. g4 Qa2 26. Rc1 Rb2 27. Qg3 Nb6 28. Rf2 Nxc4 29. Rxb2 Qxb2 30. Rxc4 Qxb5 31. Bf1 Ra8 32. Rc3 Ra1 33. Rf3 Qb1 34. e5 Qd1 35. exd6 exd6 36. f5 Qxd5 37. Rd3 Qe4 38. Qxd6 Ne8 39. Qg3 Nf6 40. Rd8+ Kg7 41. g5 Rxf1+ 42. Kxf1 Qxf5+ 43. Kg1 Ne4 44. Qg2 Nxg5 45. Kh2 Nf3+ 46. Kg3 Qg5+ 47. Kxf3 Qxd8 48. Qe2 h5 49. Kg3 Qd4 50. Qb5 c4 51. Qc6 Qe3+ 52. Kh4 Qf4# 0-1

[Event "Mittelfranken-chTB2a 0809"]
[Site "Mittelfranken"]
[Date "2008.10.26"]
[Round "2.3"]
[White "Auth, Bernhard"]
[Black "Schwab, Edgar"]
[Result "1-0"]
[WhiteElo "1755"]
[BlackElo "1839"]
[PlyCount "37"]
[EventDate "2008.10.12"]
[EventType "team"]
[EventRounds "9"]
[EventCountry "GER"]
[SourceTitle "EXT 2011"]
[Source "ChessBase"]
[SourceDate "2010.11.26"]
[SourceVersion "1"]
[SourceVersionDate "2010.11.26"]
[SourceQuality "1"]
[WhiteTeam "Bad Windsheim"]
[BlackTeam "Forchheim III"]
[WhiteTeamCountry "GER"]
[BlackTeamCountry "GER"]

1. Nf3 d5 2. d4 Nf6 3. g3 Bf5 4. c4 e6 5. Nc3 c6 6. Qb3 Na6 7. a3 Qb6 8. Qa4 dxc4 9. Qxc4 Rd8 10. b4 Bg4 11. Be3 Nd5 12. Bg2 Nxe3 13. fxe3 Bd6 14. 0-0 0-0 15. Ne4 Bb8 16. Nc5 Nxc5 17. dxc5 Qb5 18. Qxg4 Rd5 19. Nd4 1-0

[Event "Mittelfrankenliga-B2a 0708"]
[Site "Mittelfranken"]
[Date "2008.02.17"]
[Round "6.4"]
[White "Schwab, Edgar"]
[Black "Weiss, Michael1111"]
[Result "1/2-1/2"]
[WhiteElo "1860"]
[BlackElo "1941"]
[PlyCount "78"]
[EventDate "2007.10.14"]
[EventType "team-tourn"]
[EventRounds "9"]
[EventCountry "GER"]
[SourceTitle "EXT 2011"]
[Source "ChessBase"]
[SourceDate "2010.11.26"]
[SourceVersion "1"]
[SourceVersionDate "2010.11.26"]
[SourceQuality "1"]
[WhiteTeam "Forchheim III"]
[BlackTeam "Erlangen SC II"]
[WhiteTeamCountry "GER"]
[BlackTeamCountry "GER"]

1. d4 d5 2. Nf3 Nf6 3. Bf4 e6 4. e3 Be7 5. Bd3 b6 6. Ne5 Bb7 7. Nd2 0-0 8. Rc1 Nbd7 9. Ndf3 c5 10. c3 Rc8 11. 0-0 h6 12. h3 a6 13. Bb1 b5 14. Nxd7 Nxd7 15. Ne5 Nxe5 16. dxe5 Bg5 17. Bh2 g6 18. f4 Bh4 19. g3 Be7 20. g4 d4 21. cxd4 Qb6 22. d5 exd5 23. Qe2 c4 24. Bg3 d4 25. exd4 Qxd4+ 26. Kh2 Qd5 27. Rcd1 Qc6 28. f5 Rce8 29. Qc2 Kh7 30. fxg6+ fxg6 31. Rd6 Qe4 32. Qd2 Rxf1 33. Bxe4 Bxe4 34. Bf2 Rf8 35. Rf6 Bxf6 36. exf6 Rxf6 37. Qd7+ Kg8 38. Qe8+ Rf8 39. Qe6+ Rf7 1/2-1/2

[Event "Mittelfrankenliga-B2a 0708"]
[Site "Mittelfranken"]
[Date "2008.01.13"]
[Round "4.5"]
[White "Schlor, Michael"]
[Black "Schwab, Edgar"]
[Result "1-0"]
[WhiteElo "1845"]
[BlackElo "1860"]
[PlyCount "121"]
[EventDate "2007.10.14"]
[EventType "team-tourn"]
[EventRounds "9"]
[EventCountry "GER"]
[SourceTitle "EXT 2011"]
[Source "ChessBase"]
[SourceDate "2010.11.26"]
[SourceVersion "1"]
[SourceVersionDate "2010.11.26"]
[SourceQuality "1"]
[WhiteTeam "Neumarkt"]
[BlackTeam "Forchheim III"]
[WhiteTeamCountry "GER"]
[BlackTeamCountry "GER"]

1. e4 c6 2. f4 d5 3. e5 Bf5 4. Nf3 e6 5. c3 Be7 6. d4 Nh6 7. Bd3 Bxd3 8. Qxd3 Nd7 9. 0-0 Nf5 10. g4 Nh4 11. Nxh4 Bxh4 12. Nd2 Be7 13. f5 Qb6 14. a4 a5 15. Nf3 0-0-0 16. Rb1 c5 17. Be3 c4 18. Qc2 exf5 19. gxf5 Qb3 20. Qxb3 cxb3 21. Nd2 Nb6 22. Nxb3 Nc4 23. Bf4 g5 24. fxg6 fxg6 25. Nd2 Nb6 26. b3 g5 27. Be3 h5 28. c4 h4 29. Nf3 Rdg8 30. c5 Nd7 31. Ne1 g4 32. Nd3 g3 33. h3 g2 34. Rf3 Rg7 35. Rb2 Rhg8 36. Ne1 Rg3 37. Rxg2 R3g7 38. Kf2 Nf8 39. Rxg7 Rxg7 40. Bh6 Rg8 41. Rf7 Ng6 42. Nd3 Kd8 43. Nf4 Ke8 44. Rf5 Nh8 45. Nxd5 Rg3 46. Nxe7 Kxe7 47. Rf3 Rg6 48. Bd2 Nf7 49. Ke2 Rg2+ 50. Kd3 Ke6 51. Be3 Rb2 52. Ke4 Rxb3 53. d5+ Ke7 54. d6+ Ke8 55. d7+ Kxd7 56. Rxf7+ Ke8 57. e6 Rb4+ 58. Kd5 Rb3 59. Bg5 Rd3+ 60. Ke5 Rxh3 61. Rxb7 1-0

[Event "Mittelfrankenliga-B2a 0506"]
[Site "Germany"]
[Date "2006.04.30"]
[Round "9.5"]
[White "Buchta, Juergen"]
[Black "Schwab, Edgar"]
[Result "0-1"]
[WhiteElo "1763"]
[BlackElo "1866"]
[PlyCount "68"]
[EventDate "2005.10.16"]
[EventType "team"]
[EventRounds "9"]
[EventCountry "GER"]
[SourceTitle "EXT 2007"]
[Source "ChessBase"]
[SourceDate "2006.11.23"]
[SourceVersion "1"]
[SourceVersionDate "2006.11.23"]
[SourceQuality "1"]

1. e4 c6 2. d4 d5 3. exd5 cxd5 4. Nf3 Nc6 5. c3 e6 6. Bf4 Bd6 7. Bxd6 Qxd6 8. Bd3 Nge7 9. Nbd2 0-0 10. 0-0 Ng6 11. Bxg6 hxg6 12. Re1 Qf4 13. Nf1 b6 14. Qd2 Qxd2 15. N1xd2 Ba6 16. Ne5 Nxe5 17. Rxe5 Rfc8 18. Rae1 Bc4 19. Nxc4 Rxc4 20. f4 b5 21. a3 a5 22. Ra1 Rac8 23. Re3 b4 24. axb4 axb4 25. Ra4 Rb8 26. g4 bxc3 27. Rxc4 cxb2 28. Rcc3 b1Q+ 29. Kg2 Rb2+ 30. Kg3 Qg1+ 31. Kh4 Qxh2+ 32. Rh3 Qxf4 33. Ra3 Rg2 34. Rhg3 Qh6# 0-1

[Event "Landesliga Nord 0203"]
[Site "Bayern"]
[Date "2003.03.30"]
[Round "9.5"]
[White "Dahlheimer, Bernd"]
[Black "Schwab, Edgar"]
[Result "1-0"]
[WhiteElo "2200"]
[BlackElo "1844"]
[PlyCount "97"]
[EventDate "2002.10.20"]
[EventType "team"]
[EventRounds "9"]
[EventCountry "GER"]
[SourceTitle "EXT 2004"]
[Source "ChessBase"]
[SourceDate "2003.11.25"]
[SourceVersion "1"]
[SourceVersionDate "2003.11.25"]
[SourceQuality "1"]
[WhiteTeam "Dettingen"]
[BlackTeam "Forchheim II"]
[WhiteTeamCountry "GER"]
[BlackTeamCountry "GER"]

1. e4 e5 2. Nf3 Nf6 3. Nxe5 d6 4. Nf3 Nxe4 5. d4 d5 6. Bd3 Bd6 7. c4 c6 8. Nc3 Nxc3 9. bxc3 0-0 10. 0-0 dxc4 11. Bxc4 Bf5 12. Re1 Nd7 13. Bg5 Qc7 14. Bd3 Bg4 15. h3 Bh5 16. Rb1 Rae8 17. Be3 Nf6 18. c4 Bf4 19. Bxf4 Rxe1+ 20. Qxe1 Qxf4 21. Qe5 Qh6 22. g4 Bg6 23. Bxg6 Qxg6 24. Rxb7 Qd3 25. Kg2 Qxc4 26. Rxa7 Re8 27. Re7 Rxe7 28. Qxe7 h6 29. a3 Qd5 30. a4 Qa5 31. Ne5 Qd5+ 32. Nf3 Qa5 33. Qa3 Nd5 34. Kg3 Qc7+ 35. Kg2 Nf4+ 36. Kf1 Nxh3 37. a5 Nf4 38. a6 Qa7 39. Qa4 Nd5 40. Qxc6 Nb4 41. Qc8+ Kh7 42. d5 Qxa6+ 43. Qxa6 Nxa6 44. d6 Nc5 45. Ne5 f6 46. d7 Ne6 47. Nc6 Kg6 48. f4 f5 49. gxf5+ 1-0

[Event "Landesliga Nord 9900"]
[Site "Bayern"]
[Date "2000.02.20"]
[Round "6.7"]
[White "Erlbeck, Peter"]
[Black "Schwab, Edgar"]
[Result "1-0"]
[WhiteElo "2040"]
[BlackElo "1970"]
[PlyCount "103"]
[EventDate "1999.10.10"]
[EventType "team-tourn"]
[EventRounds "9"]
[EventCountry "GER"]
[SourceTitle "EXT 2020"]
[Source "ChessBase"]
[SourceDate "2019.10.17"]
[SourceVersion "1"]
[SourceVersionDate "2019.10.17"]
[SourceQuality "1"]
[WhiteTeam "Nuernberg Sued SW"]
[BlackTeam "Forchheim II"]
[WhiteTeamCountry "GER"]
[BlackTeamCountry "GER"]

1. e4 e5 2. Nf3 Nc6 3. Bb5 a6 4. Bxc6 dxc6 5. 0-0 Bg4 6. h3 Bxf3 7. Qxf3 Qf6 8. Qb3 0-0-0 9. d3 Bc5 10. Nd2 Ne7 11. Nf3 h6 12. Qc3 Bd4 13. Nxd4 exd4 14. Qe1 Qh4 15. f4 Qxe1 16. Rxe1 f5 17. Bd2 b6 18. Kf2 Rhf8 19. g4 g6 20. exf5 Nd5 21. fxg6 Nxf4 22. Kg3 Nxg6 23. Bxh6 Rf7 24. Re6 Rd6 25. Rae1 Kd7 26. Rxd6+ cxd6 27. Re2 c5 28. Bg5 b5 29. Rf2 Rg7 30. Rf6 a5 31. h4 Ne5 32. Rf8 c4 33. Ra8 Kc6 34. dxc4 bxc4 35. Rxa5 d3 36. cxd3 cxd3 37. Ra4 Kd5 38. Bd2 Nc4 39. Rxc4 Kxc4 40. h5 Rb7 41. b3+ Kd5 42. h6 Ke6 43. Kf4 Ra7 44. a4 Kf6 45. Ke4 Kg6 46. Kxd3 Ra6 47. a5 Rc6 48. b4 d5 49. g5 Rd6 50. b5 d4 51. b6 Kh7 52. b7 1-0